| 000 | 01571nam a22002057a 4500 | ||
|---|---|---|---|
| 999 |
_c60046 _d60046 |
||
| 003 | Ge_BSU | ||
| 005 | 20230531175028.0 | ||
| 008 | 230531s1995 ge ||||| |||| 00| 0 geo d | ||
| 041 | _ageo | ||
| 080 | _a902.2(479.221.1) მ-97 | ||
| 245 |
_aმცხეთა : _bარქეოლოგიური კვლევა-ძიების შედეგები. ტ. 10, I. მცხეთა - 1982 წლის საველე-არქეოლოგიურ კვლევა-ძიების შედეგები. II. წიწამური. III. ბაიათხევი / _cვ. ნიკოლაიშვილი, გ. ნარიმანიშვილი, გ. გიუნაშვილი ; საქ. სსრ მეცნ. აკად., ივ. ჯავახიშვილის სახ. ისტორიის ინ-ტი. |
||
| 264 |
_aთბილისი : _bმეცნიერება, _c1995. |
||
| 300 |
_a160 გვ. : _bტაბ.; _c22 სმ. |
||
| 501 | _aსაძიებელი გვ. 137-142 | ||
| 504 | _aბიბლიოგრ. გვ. 135-136 | ||
| 653 | _aარქეოლოგიური გათხრები მცხეთაში | ||
| 700 |
_aნიკოლაიშვილი, ვ. _eავტორი _918382 |
||
| 710 |
_aსაქართველოს სსრ მეცნიერებათა აკადემია. _bივ. ჯავახიშვილის სახ. ისტორიის ინსტიტუტი. _918018 |
||
| 942 |
_2udc _cBK |
||